<?xml version="1.0" encoding="UTF-8"?>
<record
    xmlns:xsi="http://www.w3.org/2001/XMLSchema-instance"
    xsi:schemaLocation="http://www.loc.gov/MARC21/slim http://www.loc.gov/standards/marcxml/schema/MARC21slim.xsd"
    xmlns="http://www.loc.gov/MARC21/slim">

  <leader>00486nam a22001457a 4500</leader>
  <controlfield tag="005">20251104073707.0</controlfield>
  <controlfield tag="008">251104b        |||||||| |||| 00| 0 eng d</controlfield>
  <datafield tag="040" ind1=" " ind2=" ">
    <subfield code="a">  </subfield>
    <subfield code="c">  </subfield>
    <subfield code="d"> </subfield>
    <subfield code="e"> </subfield>
  </datafield>
  <datafield tag="100" ind1=" " ind2=" ">
    <subfield code="a">DR.BHUYAN S.K.</subfield>
    <subfield code="9">1012</subfield>
  </datafield>
  <datafield tag="245" ind1=" " ind2=" ">
    <subfield code="a">DEODHAI ASAM BURANJI </subfield>
  </datafield>
  <datafield tag="250" ind1=" " ind2=" ">
    <subfield code="a">2ND </subfield>
  </datafield>
  <datafield tag="260" ind1=" " ind2=" ">
    <subfield code="a">GUWAHATI </subfield>
    <subfield code="b">THE GOVERMENT OF ASSAM IN THE DEPARTMENT OF HISTORICAL AND ANTIQUARIAN STUDIES , NARAYANI HANDIQUI HISTORICAL INSTITUTE , GAUHATI , ASSAM </subfield>
    <subfield code="c">1962</subfield>
  </datafield>
  <datafield tag="300" ind1=" " ind2=" ">
    <subfield code="a">280:P</subfield>
    <subfield code="c">21CM</subfield>
  </datafield>
  <datafield tag="942" ind1=" " ind2=" ">
    <subfield code="2">ddc</subfield>
    <subfield code="c">BK</subfield>
  </datafield>
  <datafield tag="999" ind1=" " ind2=" ">
    <subfield code="c">32080</subfield>
    <subfield code="d">32080</subfield>
  </datafield>
  <datafield tag="952" ind1=" " ind2=" ">
    <subfield code="0">0</subfield>
    <subfield code="1">0</subfield>
    <subfield code="2">ddc</subfield>
    <subfield code="4">0</subfield>
    <subfield code="7">0</subfield>
    <subfield code="8">TBASM</subfield>
    <subfield code="a">MAIN</subfield>
    <subfield code="b">MAIN</subfield>
    <subfield code="c">BBMLC</subfield>
    <subfield code="d">2022-02-18</subfield>
    <subfield code="l">0</subfield>
    <subfield code="p">48000</subfield>
    <subfield code="r">2025-11-04 07:42:58</subfield>
    <subfield code="w">2025-11-04</subfield>
    <subfield code="y">BK</subfield>
    <subfield code="z">V</subfield>
  </datafield>
</record>
